TB. OF ANATOMY ABDOMEN & LOVER LIMB (Record no. 10585)

MARC details
000 -LEADER
fixed length control field 00313nam a22001457a 4500
003 - CONTROL NUMBER IDENTIFIER
control field SGT
082 ## - DEWEY DECIMAL CLASSIFICATION NUMBER
Classification number 611
Item number A14S
100 ## - MAIN ENTRY--PERSONAL NAME
Personal name SINGH, VISHRAM
245 ## - TITLE STATEMENT
Title TB. OF ANATOMY ABDOMEN & LOVER LIMB
250 ## - EDITION STATEMENT
Edition statement 2ND
260 ## - PUBLICATION, DISTRIBUTION, ETC. (IMPRINT)
Place of publication, distribution, etc INDIA
Name of publisher, distributor, etc ELSEVIER
Year of Publication 2014
300 ## - PAGE DESCRIPTION
No. of Pages 506
650 ## - SUBJECT ADDED ENTRY--TOPICAL TERM
Topical term or geographic name as entry element ANATOMY
942 ## - ADDED ENTRY ELEMENTS (KOHA)
Source of classification or shelving scheme Dewey Decimal Classification
Koha item type Books
942 ## - ADDED ENTRY ELEMENTS (KOHA)
-- 40
Holdings
Withdrawn status Lost status Source of classification or shelving scheme Damaged status Not for loan Collection code Home library Current library Shelving location Date acquired Vendor Name Cost, normal purchase price SGTU Bill Number Total Checkouts Total Renewals Full call number Accession No. (Barcode) Date last seen Date last borrowed Bill Date Koha item type
    Dewey Decimal Classification     MEDICAL SGT Medical Library SGT Medical Library Text Book 23/01/2017 ABC 675.00 SGTU 7551 23 1 611 A14S FM8201 11/12/2025 02/12/2025 23/12/2016 Books
    Dewey Decimal Classification     MEDICAL SGT Medical Library SGT Medical Library Text Book 23/01/2017 ABC 675.00 SGTU 7551 11 2 611 A14S FM8202 27/11/2025 27/11/2025 23/12/2016 Books
    Dewey Decimal Classification     MEDICAL SGT Medical Library SGT Medical Library Text Book 23/01/2017 ABC 675.00 SGTU 7551 16   611 A14S FM8203 12/12/2025 12/12/2025 23/12/2016 Books
    Dewey Decimal Classification     MEDICAL SGT Medical Library SGT Medical Library Text Book 23/01/2017 ABC 675.00 SGTU 7551 17 2 611 A14S FM8204 26/02/2024 26/02/2024 23/12/2016 Books
    Dewey Decimal Classification     MEDICAL SGT Medical Library SGT Medical Library Text Book 23/01/2017 ABC 675.00 SGTU 7551 29   611 A14S FM8205 25/11/2025 24/11/2025 23/12/2016 Books
    Dewey Decimal Classification     MEDICAL SGT Medical Library SGT Medical Library Text Book 23/01/2017 ABC 675.00 SGTU 7551 24   611 A14S FM8206 01/06/2024 01/06/2024 23/12/2016 Books
    Dewey Decimal Classification     MEDICAL SGT Medical Library SGT Medical Library Text Book 23/01/2017 ABC 675.00 SGTU 7551 13   611 A14S FM8207 12/12/2025 12/12/2025 23/12/2016 Books
    Dewey Decimal Classification     MEDICAL SGT Medical Library SGT Medical Library Text Book 23/01/2017 ABC 675.00 SGTU 7551 17   611 A14S FM8208 15/12/2025 08/12/2025 23/12/2016 Books
    Dewey Decimal Classification     MEDICAL SGT Medical Library SGT Medical Library Text Book 23/01/2017 ABC 675.00 SGTU 7551 16   611 A14S FM8209 22/12/2025 09/12/2025 23/12/2016 Books
    Dewey Decimal Classification     MEDICAL SGT Medical Library SGT Medical Library Text Book 23/01/2017 ABC 675.00 SGTU 7551 1   611 A14S FM8210 07/05/2018 07/05/2018 23/12/2016 Books